[Event "XLIV Memoriał Szachowy Ludwika Zamenhofa 2025, Grupa A"]
[Site "Białystok, Poland"]
[Date "2025.12.28"]
[Round "3.17"]
[White "Obukhava, Anastasiya"]
[Black "Borowik, Wojciech"]
[Result "0-1"]
[TimeControl "90'+30\""]
[WhiteElo "2146"]
[BlackElo "2204"]

1. c4 {[%clk 01:30:58]} Nf6 {[%clk 01:24:42]} {[%emt 00:06:13]} 2. g3 {[%clk
01:31:11]} {[%emt 00:00:22]} e6 {[%clk 01:24:26]} {[%emt 00:00:47]} 3. Bg2
{[%clk 01:31:17]} {[%emt 00:00:23]} d5 {[%clk 01:24:43]} {[%emt 00:00:13]} 4.
Nf3 {[%clk 01:31:40]} {[%emt 00:00:08]} d4 {[%clk 01:24:46]} {[%emt 00:00:27]}
5. d3 {[%clk 01:29:51]} {[%emt 00:02:19]} c5 {[%clk 01:21:53]} {[%emt
00:03:23]} 6. e4 {[%clk 01:29:41]} {[%emt 00:00:39]} Nc6 {[%clk 01:19:06]}
{[%emt 00:03:18]} 7. O-O {[%clk 01:24:53]} {[%emt 00:05:18]} Be7 {[%clk
01:15:50]} {[%emt 00:03:46]} 8. Na3 {[%clk 01:23:19]} {[%emt 00:02:04]} O-O
{[%clk 01:14:51]} {[%emt 00:01:29]} 9. Nc2 {[%clk 01:21:32]} {[%emt 00:02:16]}
e5 {[%clk 01:00:34]} {[%emt 00:14:48]} 10. a3 {[%clk 01:14:52]} {[%emt
00:07:10]} a5 {[%clk 00:59:21]} {[%emt 00:01:43]} 11. Bd2 {[%clk 01:09:27]}
{[%emt 00:05:55]} a4 {[%clk 00:53:55]} {[%emt 00:05:56]} 12. Rb1 {[%clk
01:09:26]} {[%emt 00:00:31]} Ne8 {[%clk 00:48:10]} {[%emt 00:06:16]} 13. b4
{[%clk 01:05:42]} {[%emt 00:04:13]} axb3 {[%clk 00:48:26]} {[%emt 00:00:13]} 14.
Rxb3 {[%clk 01:06:10]} {[%emt 00:00:02]} Nd6 {[%clk 00:48:26]} {[%emt
00:00:31]} 15. Qe2 {[%clk 01:00:17]} {[%emt 00:06:22]} Be6 {[%clk 00:40:04]}
{[%emt 00:08:52]} 16. a4 {[%clk 00:51:14]} {[%emt 00:09:34]} Rxa4 {[%clk
00:38:52]} {[%emt 00:01:42]} 17. Na3 {[%clk 00:51:31]} {[%emt 00:00:13]} Na5
{[%clk 00:23:14]} {[%emt 00:16:08]} 18. Bxa5 {[%clk 00:50:31]} {[%emt
00:01:29]} Qxa5 {[%clk 00:23:38]} {[%emt 00:00:06]} 19. Nb1 {[%clk 00:41:51]}
{[%emt 00:09:11]} f6 {[%clk 00:21:45]} {[%emt 00:02:23]} 20. Nbd2 {[%clk
00:40:11]} {[%emt 00:02:10]} b5 {[%clk 00:21:19]} {[%emt 00:00:56]} 21. Rc1
{[%clk 00:40:04]} {[%emt 00:00:37]} Ra2 {[%clk 00:16:33]} {[%emt 00:05:15]} 22.
Qd1 {[%clk 00:38:27]} {[%emt 00:02:07]} Rc8 {[%clk 00:11:45]} {[%emt 00:05:18]}
23. Rbb1 {[%clk 00:36:45]} {[%emt 00:02:12]} bxc4 {[%clk 00:11:26]} {[%emt
00:00:50]} 24. Nxc4 {[%clk 00:36:53]} {[%emt 00:00:22]} Nxc4 {[%clk 00:10:18]}
{[%emt 00:01:37]} 25. dxc4 {[%clk 00:37:16]} {[%emt 00:00:07]} Qa4 {[%clk
00:08:40]} {[%emt 00:02:09]} 26. Qxa4 {[%clk 00:26:24]} {[%emt 00:11:21]} Rxa4
{[%clk 00:09:08]} {[%emt 00:00:02]} 27. Ne1 {[%clk 00:26:46]} {[%emt 00:00:08]}
Rc7 {[%clk 00:06:25]} {[%emt 00:03:13]} 28. Bf1 {[%clk 00:26:32]} {[%emt
00:00:44]} Kf7 {[%clk 00:06:03]} {[%emt 00:00:52]} 29. f4 {[%clk 00:25:37]}
{[%emt 00:01:25]} Bd6 {[%clk 00:03:25]} {[%emt 00:03:09]} 30. f5 {[%clk
00:23:28]} {[%emt 00:02:39]} Bc8 {[%clk 00:03:26]} {[%emt 00:00:28]} 31. Bd3
{[%clk 00:22:29]} {[%emt 00:01:29]} Rca7 {[%clk 00:03:04]} {[%emt 00:00:52]} 32.
Bc2 {[%clk 00:19:52]} {[%emt 00:03:07]} Ra3 {[%clk 00:02:47]} {[%emt 00:00:47]}
33. Rb6 {[%clk 00:15:33]} {[%emt 00:04:49]} Ke7 {[%clk 00:02:58]} {[%emt
00:00:20]} 34. Rcb1 {[%clk 00:15:41]} {[%emt 00:00:22]} Ra1 {[%clk 00:02:04]}
{[%emt 00:01:23]} 35. Kf2 {[%clk 00:14:22]} {[%emt 00:01:48]} Rxb1 {[%clk
00:02:05]} {[%emt 00:00:30]} 36. Bxb1 {[%clk 00:14:39]} {[%emt 00:00:14]} Ra4
{[%clk 00:01:45]} {[%emt 00:00:49]} 37. Bd3 {[%clk 00:12:59]} {[%emt 00:02:09]}
Ba6 {[%clk 00:02:05]} {[%emt 00:00:10]} 38. Rb2 {[%clk 00:11:37]} {[%emt
00:01:53]} Bxc4 {[%clk 00:01:47]} {[%emt 00:00:48]} 39. Rb7+ {[%clk 00:11:55]}
{[%emt 00:00:12]} Kf8 {[%clk 00:02:00]} {[%emt 00:00:17]} 40. Bxc4 {[%clk
00:12:06]} {[%emt 00:00:20]} Rxc4 {[%clk 00:02:28]} {[%emt 00:00:02]} 41. Rd7
{[%clk 00:12:21]} {[%emt 00:00:15]} Be7 {[%clk 00:02:50]} {[%emt 00:00:08]} 42.
Ke2 {[%clk 00:12:43]} {[%emt 00:00:08]} Ra4 {[%clk 00:02:17]} {[%emt 00:01:03]}
43. Rc7 {[%clk 00:12:09]} {[%emt 00:01:03]} c4 {[%clk 00:02:17]} {[%emt
00:00:30]} 0-1

[Event "XLIV Memoriał Szachowy Ludwika Zamenhofa 2025, Grupa A"]
[Site "Białystok, Poland"]
[Date "2025.12.28"]
[Round "3.18"]
[White "Flak, Pawel"]
[Black "Rozycki, Bartlomiej"]
[Result "0-1"]
[TimeControl "90'+30\""]
[WhiteElo "2113"]
[BlackElo "2197"]

1. d4 {[%clk 01:30:58]} {[%emt 00:00:02]} Nf6 {[%clk 01:30:56]} {[%emt
00:00:04]} 2. Nf3 {[%clk 01:31:24]} {[%emt 00:00:04]} e6 {[%clk 01:31:23]}
{[%emt 00:00:04]} 3. g3 {[%clk 01:31:47]} {[%emt 00:00:07]} d5 {[%clk
01:29:08]} {[%emt 00:02:44]} 4. Bg2 {[%clk 01:30:36]} {[%emt 00:01:41]} b5
{[%clk 01:29:29]} {[%emt 00:00:10]} 5. Ne5 {[%clk 01:19:45]} {[%emt 00:11:20]}
Bb7 {[%clk 01:26:56]} {[%emt 00:03:03]} 6. Nd3 {[%clk 01:19:07]} {[%emt
00:01:07]} a5 {[%clk 01:24:25]} {[%emt 00:03:02]} 7. a4 {[%clk 01:09:37]}
{[%emt 00:10:00]} b4 {[%clk 01:24:05]} {[%emt 00:00:50]} 8. c4 {[%clk
01:04:56]} {[%emt 00:05:11]} Nbd7 {[%clk 01:18:51]} {[%emt 00:05:44]} 9. c5
{[%clk 01:01:03]} {[%emt 00:04:23]} e5 {[%clk 01:18:27]} {[%emt 00:00:54]} 10.
Qc2 {[%clk 01:01:22]} {[%emt 00:00:12]} e4 {[%clk 01:18:14]} {[%emt 00:00:43]}
11. Nf4 {[%clk 00:53:57]} {[%emt 00:07:54]} c6 {[%clk 01:16:36]} {[%emt
00:02:09]} 12. O-O {[%clk 00:54:17]} {[%emt 00:00:10]} Be7 {[%clk 01:11:15]}
{[%emt 00:05:51]} 13. f3 {[%clk 00:53:52]} {[%emt 00:00:54]} exf3 {[%clk
01:08:07]} {[%emt 00:03:37]} 14. exf3 {[%clk 00:53:47]} {[%emt 00:00:36]} O-O
{[%clk 01:05:08]} {[%emt 00:03:29]} 15. Be3 {[%clk 00:47:27]} {[%emt 00:06:50]}
Re8 {[%clk 00:58:01]} {[%emt 00:07:38]} 16. Re1 {[%clk 00:47:52]} {[%emt
00:00:04]} g6 {[%clk 00:56:46]} {[%emt 00:01:45]} 17. Nd2 {[%clk 00:48:00]}
{[%emt 00:00:22]} Bf8 {[%clk 00:57:00]} {[%emt 00:00:16]} 18. Nd3 {[%clk
00:47:28]} {[%emt 00:01:01]} Bg7 {[%clk 00:57:03]} {[%emt 00:00:28]} 19. Kh1
{[%clk 00:46:02]} {[%emt 00:01:56]} Nh5 {[%clk 00:50:03]} {[%emt 00:07:30]} 20.
Bg1 {[%clk 00:42:57]} {[%emt 00:03:35]} Qg5 {[%clk 00:45:39]} {[%emt 00:04:54]}
21. Nb3 {[%clk 00:40:01]} {[%emt 00:03:26]} Ba6 {[%clk 00:45:15]} {[%emt
00:00:54]} 22. Rxe8+ {[%clk 00:36:02]} {[%emt 00:04:29]} Rxe8 {[%clk 00:45:41]}
{[%emt 00:00:05]} 23. Nxa5 {[%clk 00:36:23]} {[%emt 00:00:08]} Qh6 {[%clk
00:45:17]} {[%emt 00:00:54]} 24. Bf2 {[%clk 00:34:29]} {[%emt 00:02:24]} Bxd4
{[%clk 00:45:40]} {[%emt 00:00:07]} 25. Bf1 {[%clk 00:19:16]} {[%emt 00:15:43]}
Bxf2 {[%clk 00:36:59]} {[%emt 00:09:11]} 26. Qxf2 {[%clk 00:19:40]} {[%emt
00:00:06]} Bxd3 {[%clk 00:37:15]} {[%emt 00:00:15]} 27. Bxd3 {[%clk 00:20:06]}
{[%emt 00:00:03]} Re3 {[%clk 00:37:14]} {[%emt 00:00:31]} 28. Be2 {[%clk
00:16:20]} {[%emt 00:04:16]} Rxe2 {[%clk 00:37:25]} {[%emt 00:00:19]} 29. Qg1
{[%clk 00:16:02]} {[%emt 00:00:48]} Ne5 {[%clk 00:37:37]} {[%emt 00:00:18]} 30.
Rf1 {[%clk 00:16:03]} {[%emt 00:00:29]} Qd2 {[%clk 00:37:04]} {[%emt 00:01:03]}
31. Nb3 {[%clk 00:15:21]} {[%emt 00:01:13]} Qxb2 {[%clk 00:36:41]} {[%emt
00:00:53]} 32. Nc1 {[%clk 00:15:40]} {[%emt 00:00:11]} Rc2 {[%clk 00:36:51]}
{[%emt 00:00:20]} 33. a5 {[%clk 00:16:04]} {[%emt 00:00:06]} Qa3 {[%clk
00:36:50]} {[%emt 00:00:30]} 0-1

[Event "XLIV Memoriał Szachowy Ludwika Zamenhofa 2025, Grupa A"]
[Site "Białystok, Poland"]
[Date "2025.12.28"]
[Round "3.19"]
[White "Lecki, Leonard"]
[Black "Paprocki, Jaroslaw"]
[Result "1-0"]
[TimeControl "90'+30\""]
[WhiteElo "2194"]
[BlackElo "2096"]

1. c4 {[%clk 01:30:47]} {[%emt 00:00:12]} e5 {[%clk 01:30:53]} {[%emt
00:00:07]} 2. Nc3 {[%clk 01:31:13]} {[%emt 00:00:05]} Nf6 {[%clk 01:31:13]}
{[%emt 00:00:10]} 3. Nf3 {[%clk 01:31:32]} {[%emt 00:00:10]} Nc6 {[%emt
00:00:09]} 4. e4 {[%clk 01:31:58]} {[%emt 00:00:03]} Bb4 {[%clk 01:29:04]}
{[%emt 00:03:01]} 5. d3 {[%clk 01:32:11]} {[%emt 00:00:17]} O-O {[%clk
01:26:11]} {[%emt 00:03:24]} 6. a3 {[%clk 01:31:52]} {[%emt 00:00:48]} Bxc3+
{[%clk 01:26:10]} {[%emt 00:00:31]} 7. bxc3 {[%clk 01:32:17]} {[%emt 00:00:05]}
d6 {[%clk 01:23:20]} {[%emt 00:03:20]} 8. g3 {[%clk 01:29:00]} {[%emt
00:03:47]} Ne8 {[%clk 01:12:18]} {[%emt 00:11:32]} 9. Nh4 {[%clk 01:21:19]}
{[%emt 00:08:10]} Ne7 {[%clk 01:10:46]} {[%emt 00:02:03]} 10. Bg2 {[%clk
01:20:32]} {[%emt 00:01:17]} Rb8 {[%clk 01:06:53]} {[%emt 00:04:23]} 11. Be3
{[%clk 01:17:08]} {[%emt 00:03:54]} c5 {[%clk 01:06:56]} {[%emt 00:00:27]} 12.
O-O {[%clk 01:14:08]} {[%emt 00:03:29]} f5 {[%clk 00:58:34]} {[%emt 00:08:53]}
13. exf5 {[%clk 01:12:26]} {[%emt 00:02:12]} Nxf5 {[%clk 00:58:28]} {[%emt
00:00:37]} 14. Nxf5 {[%clk 01:12:50]} {[%emt 00:00:05]} Bxf5 {[%clk 00:58:29]}
{[%emt 00:00:29]} 15. d4 {[%clk 01:04:40]} {[%emt 00:08:41]} b6 {[%clk
00:57:12]} {[%emt 00:01:46]} 16. a4 {[%clk 01:01:05]} {[%emt 00:04:05]} Be6
{[%clk 00:54:26]} {[%emt 00:03:15]} 17. Qe2 {[%clk 00:57:59]} {[%emt 00:03:35]}
Qc7 {[%clk 00:52:18]} {[%emt 00:02:40]} 18. d5 {[%clk 00:39:39]} {[%emt
00:18:49]} Bf5 {[%clk 00:46:41]} {[%emt 00:06:08]} 19. f4 {[%clk 00:36:31]}
{[%emt 00:03:38]} Qe7 {[%clk 00:43:44]} {[%emt 00:03:27]} 20. fxe5 {[%clk
00:32:10]} {[%emt 00:04:50]} Qxe5 {[%clk 00:43:51]} {[%emt 00:00:23]} 21. Qd2
{[%clk 00:30:23]} {[%emt 00:02:17]} Qe7 {[%clk 00:37:48]} {[%emt 00:06:33]} 22.
a5 {[%clk 00:16:08]} {[%emt 00:14:46]} bxa5 {[%clk 00:36:31]} {[%emt 00:01:47]}
23. Rxa5 {[%clk 00:14:49]} {[%emt 00:01:50]} Bc8 {[%clk 00:33:35]} {[%emt
00:03:25]} 24. Bf4 {[%clk 00:10:53]} {[%emt 00:04:27]} Rb6 {[%clk 00:28:24]}
{[%emt 00:05:41]} 25. Raa1 {[%clk 00:10:13]} {[%emt 00:01:09]} Qb7 {[%clk
00:27:00]} {[%emt 00:01:53]} 26. Qe3 {[%clk 00:09:29]} {[%emt 00:01:15]} Rb2
{[%clk 00:18:11]} {[%emt 00:09:19]} 27. Rae1 {[%clk 00:05:13]} {[%emt
00:04:46]} Bf5 {[%clk 00:12:36]} {[%emt 00:06:06]} 28. g4 {[%clk 00:01:02]}
{[%emt 00:04:40]} Bg6 {[%clk 00:12:12]} {[%emt 00:00:54]} 29. h4 {[%clk
00:01:17]} {[%emt 00:00:15]} Qb3 {[%clk 00:10:25]} {[%emt 00:02:17]} 30. Bxd6
{[%clk 00:01:04]} {[%emt 00:00:43]} Rxf1+ {[%clk 00:06:15]} {[%emt 00:04:40]}
31. Rxf1 {[%clk 00:01:30]} {[%emt 00:00:04]} Rb1 {[%clk 00:01:38]} {[%emt
00:05:06]} 32. Bxc5 {[%clk 00:00:57]} {[%emt 00:01:04]} Rxf1+ {[%clk 00:01:41]}
{[%emt 00:00:27]} 33. Bxf1 {[%clk 00:01:22]} {[%emt 00:00:05]} Qd1 {[%clk
00:01:36]} {[%emt 00:00:35]} 34. Qe2 {[%clk 00:00:36]} {[%emt 00:01:16]} Qa4
{[%clk 00:00:38]} {[%emt 00:01:28]} 35. Bd4 {[%clk 00:00:39]} {[%emt 00:00:26]}
Bf7 {[%clk 00:00:44]} {[%emt 00:00:24]} 36. h5 {[%clk 00:00:36]} {[%emt
00:00:34]} h6 {[%clk 00:01:04]} {[%emt 00:00:09]} 37. Qf3 {[%clk 00:00:48]}
{[%emt 00:00:19]} Qd7 {[%clk 00:01:23]} {[%emt 00:00:11]} 38. Bd3 {[%clk
00:00:43]} {[%emt 00:00:34]} a5 {[%clk 00:01:25]} {[%emt 00:00:28]} 39. Be4
{[%clk 00:00:33]} {[%emt 00:00:40]} Nd6 {[%clk 00:01:44]} {[%emt 00:00:11]} 40.
Bf5 {[%clk 00:00:48]} {[%emt 00:00:15]} Qe7 {[%clk 00:01:19]} {[%emt 00:00:54]}
41. Bd3 {[%clk 00:00:32]} {[%emt 00:00:47]} Qe1+ {[%clk 00:01:37]} {[%emt
00:00:12]} 42. Kg2 {[%clk 00:00:56]} {[%emt 00:00:06]} a4 {[%clk 00:01:19]}
{[%emt 00:00:49]} 43. Bf2 {[%clk 00:00:59]} {[%emt 00:04:54]} Qd2 {[%clk
00:00:37]} 44. c5 {[%clk 00:01:24]} {[%emt 00:00:55]} Ne8 {[%clk 00:00:43]}
{[%emt 00:00:24]} 45. d6 {[%clk 00:01:40]} {[%emt 00:00:14]} Nf6 {[%clk
00:00:50]} {[%emt 00:00:23]} 46. Qa8+ {[%clk 00:01:54]} {[%emt 00:00:16]} Be8
{[%clk 00:00:33]} {[%emt 00:00:47]} 47. d7 {[%clk 00:02:13]} {[%emt 00:00:11]}
Nxd7 {[%clk 00:00:32]} {[%emt 00:00:31]} 48. Qxe8+ {[%clk 00:02:37]} {[%emt
00:00:06]} Nf8 {[%emt 00:00:17]} 49. Bc4+ {[%clk 00:02:58]} {[%emt 00:00:07]}
Kh7 {[%clk 00:01:09]} {[%emt 00:00:07]} 50. Qxf8 {[%clk 00:03:20]} {[%emt
00:00:09]} 1-0

[Event "XLIV Memoriał Szachowy Ludwika Zamenhofa 2025, Grupa A"]
[Site "Białystok, Poland"]
[Date "2025.12.28"]
[Round "3.20"]
[White "Kulig, Pawel"]
[Black "Ejsymont, Blanka"]
[Result "1-0"]
[TimeControl "90'+30\""]
[WhiteElo "2172"]
[BlackElo "2049"]

1. e4 {[%clk 01:30:58]} {[%emt 00:00:01]} e6 {[%clk 01:30:53]} {[%emt
00:00:08]} 2. d4 {[%clk 01:30:48]} {[%emt 00:00:39]} d5 {[%clk 01:31:10]}
{[%emt 00:00:14]} 3. e5 {[%clk 01:30:47]} {[%emt 00:00:30]} c5 {[%clk
01:31:33]} {[%emt 00:00:07]} 4. c3 {[%clk 01:31:12]} {[%emt 00:00:05]} Nc6
{[%clk 01:31:58]} {[%emt 00:00:04]} 5. Nf3 {[%clk 01:31:37]} {[%emt 00:00:06]}
Nge7 {[%clk 01:31:55]} {[%emt 00:00:33]} 6. Be2 {[%clk 01:26:40]} {[%emt
00:05:26]} cxd4 {[%clk 01:29:45]} {[%emt 00:02:41]} 7. cxd4 {[%clk 01:27:04]}
{[%emt 00:00:06]} Nf5 {[%clk 01:28:52]} {[%emt 00:01:23]} 8. Nc3 {[%clk
01:18:12]} {[%emt 00:09:22]} Qb6 {[%clk 01:19:50]} {[%emt 00:09:32]} 9. Na4
{[%clk 01:15:53]} {[%emt 00:02:50]} Bb4+ {[%clk 01:17:37]} {[%emt 00:02:43]} 10.
Kf1 {[%clk 01:15:52]} {[%emt 00:00:30]} Qc7 {[%clk 01:16:59]} {[%emt 00:01:08]}
11. h4 {[%clk 01:08:05]} {[%emt 00:08:17]} h5 {[%clk 01:10:25]} {[%emt
00:07:04]} 12. g3 {[%clk 01:05:47]} {[%emt 00:02:48]} Bd7 {[%clk 01:04:26]}
{[%emt 00:06:30]} 13. Bf4 {[%clk 00:59:13]} {[%emt 00:07:03]} a6 {[%clk
00:48:41]} {[%emt 00:16:17]} 14. Rc1 {[%clk 00:56:47]} {[%emt 00:02:54]} Ba5
{[%clk 00:39:26]} {[%emt 00:09:45]} 15. Nc5 {[%clk 00:54:02]} {[%emt 00:03:15]}
Bb6 {[%clk 00:33:34]} {[%emt 00:06:22]} 16. Kg2 {[%clk 00:53:27]} {[%emt
00:01:05]} Bxc5 {[%clk 00:31:34]} {[%emt 00:02:30]} 17. Rxc5 {[%clk 00:53:32]}
{[%emt 00:00:26]} Qb6 {[%clk 00:30:54]} {[%emt 00:01:10]} 18. Rc3 {[%clk
00:42:18]} {[%emt 00:11:44]} Qxb2 {[%clk 00:25:01]} {[%emt 00:06:23]} 19. Rb3
{[%clk 00:41:04]} {[%emt 00:01:43]} Qxa2 {[%clk 00:25:14]} {[%emt 00:00:17]} 20.
Rxb7 {[%clk 00:39:56]} {[%emt 00:01:38]} Rb8 {[%clk 00:15:47]} {[%emt
00:09:58]} 21. Rxb8+ {[%clk 00:37:18]} {[%emt 00:03:07]} Nxb8 {[%clk 00:16:16]}
22. Bd3 {[%clk 00:37:04]} {[%emt 00:00:44]} Nc6 {[%clk 00:15:51]} {[%emt
00:00:55]} 23. Qc1 {[%clk 00:35:20]} {[%emt 00:02:13]} O-O {[%clk 00:13:18]}
{[%emt 00:03:05]} 24. Bg5 {[%clk 00:29:39]} {[%emt 00:06:11]} Ncxd4 {[%clk
00:09:30]} {[%emt 00:04:18]} 25. Nxd4 {[%clk 00:25:13]} {[%emt 00:04:56]} Nxd4
{[%clk 00:09:58]} {[%emt 00:00:02]} 26. Bf6 {[%clk 00:24:13]} {[%emt 00:01:29]}
Nf3 {[%clk 00:01:03]} {[%emt 00:09:26]} 27. Kxf3 {[%clk 00:15:45]} {[%emt
00:08:57]} Qb3 {[%clk 00:01:17]} {[%emt 00:00:16]} 28. Qe3 {[%clk 00:12:52]}
{[%emt 00:03:22]} Qb4 {[%clk 00:00:41]} {[%emt 00:01:07]} 29. Kg2 {[%clk
00:09:41]} {[%emt 00:03:42]} Bc6 {[%clk 00:00:37]} {[%emt 00:00:34]} 30. Qg5
{[%clk 00:08:00]} {[%emt 00:02:10]} Qg4 {[%clk 00:00:47]} {[%emt 00:00:21]} 31.
Rc1 {[%clk 00:07:11]} {[%emt 00:01:18]} Bb7 {[%clk 00:00:34]} {[%emt 00:00:44]}
32. Rb1 {[%clk 00:05:37]} {[%emt 00:02:03]} Bc6 {[%clk 00:00:32]} {[%emt
00:00:33]} 33. Rb6 {[%clk 00:05:25]} {[%emt 00:00:41]} Rc8 {[%clk 00:00:37]}
{[%emt 00:00:24]} 34. Qxg4 {[%clk 00:05:02]} {[%emt 00:00:54]} hxg4 {[%clk
00:01:04]} {[%emt 00:00:04]} 35. Bxa6 {[%clk 00:05:11]} {[%emt 00:00:21]} d4+
{[%clk 00:00:55]} {[%emt 00:00:39]} 36. Kf1 {[%clk 00:05:25]} {[%emt 00:00:15]}
Rc7 {[%clk 00:01:04]} {[%emt 00:00:22]} 37. Rb8+ {[%clk 00:05:29]} {[%emt
00:00:25]} Kh7 {[%clk 00:01:24]} {[%emt 00:00:10]} 38. Bd3+ {[%clk 00:05:54]}
{[%emt 00:00:05]} Kh6 {[%clk 00:01:24]} {[%emt 00:00:31]} 39. Rh8# {[%clk
00:06:19]} {[%emt 00:00:04]} 1-0

[Event "XLIV Memoriał Szachowy Ludwika Zamenhofa 2025, Grupa A"]
[Site "Białystok, Poland"]
[Date "2025.12.28"]
[Round "3.21"]
[White "Praczukowski, Stanislaw"]
[Black "Serafin, Franciszek"]
[Result "1/2-1/2"]
[TimeControl "90'+30\""]
[WhiteElo "2155"]
[BlackElo "2033"]

1. e4 {[%clk 01:30:57]} {[%emt 00:00:02]} c5 {[%clk 01:30:56]} {[%emt
00:00:05]} 2. Nf3 {[%clk 01:31:16]} {[%emt 00:00:11]} Nc6 {[%clk 01:31:01]}
{[%emt 00:00:26]} 3. d4 {[%clk 01:31:32]} {[%emt 00:00:13]} cxd4 {[%clk
01:31:15]} {[%emt 00:00:16]} 4. Nxd4 {[%clk 01:31:53]} {[%emt 00:00:08]} e5
{[%clk 01:31:30]} {[%emt 00:00:15]} 5. Nb5 {[%clk 01:32:09]} {[%emt 00:00:13]}
d6 {[%clk 01:31:54]} {[%emt 00:00:07]} 6. N1c3 {[%clk 01:31:53]} {[%emt
00:00:47]} a6 {[%clk 01:31:44]} {[%emt 00:00:41]} 7. Na3 {[%clk 01:32:11]}
{[%emt 00:00:11]} Be6 {[%clk 01:32:01]} {[%emt 00:00:13]} 8. Nc4 {[%clk
01:31:41]} {[%emt 00:01:00]} Nf6 {[%clk 01:31:29]} {[%emt 00:01:02]} 9. Bg5
{[%clk 01:26:31]} {[%emt 00:05:40]} Nd4 {[%clk 01:26:39]} {[%emt 00:05:20]} 10.
Ne3 {[%clk 01:23:17]} {[%emt 00:03:43]} Be7 {[%clk 01:26:36]} {[%emt 00:00:33]}
11. Bxf6 {[%clk 01:23:31]} {[%emt 00:00:16]} Bxf6 {[%clk 01:26:59]} {[%emt
00:00:07]} 12. Bd3 {[%clk 01:22:52]} {[%emt 00:01:09]} O-O {[%clk 01:26:31]}
{[%emt 00:00:59]} 13. Ncd5 {[%clk 01:17:54]} {[%emt 00:05:28]} Nc6 {[%clk
01:25:44]} {[%emt 00:01:17]} 14. c3 {[%clk 01:16:43]} {[%emt 00:01:41]} Bg5
{[%clk 01:23:57]} {[%emt 00:02:16]} 15. Bc2 {[%clk 01:15:01]} {[%emt 00:02:12]}
Bxe3 {[%clk 01:12:04]} {[%emt 00:12:24]} 16. Nxe3 {[%clk 01:14:21]} {[%emt
00:01:10]} Ne7 {[%emt 00:00:47]} 17. Bb3 {[%clk 01:12:59]} {[%emt 00:01:51]}
Rc8 {[%clk 01:10:44]} {[%emt 00:01:34]} 18. Qd2 {[%clk 00:59:18]} {[%emt
00:14:11]} Qb6 {[%clk 01:05:44]} {[%emt 00:05:30]} 19. Qc2 {[%clk 00:54:14]}
{[%emt 00:05:34]} Rfd8 {[%clk 01:00:22]} {[%emt 00:05:52]} 20. Rd1 {[%clk
00:53:50]} {[%emt 00:00:53]} Qb5 {[%clk 00:59:08]} {[%emt 00:01:45]} 21. Qe2
{[%clk 00:49:17]} {[%emt 00:05:02]} Qa5 {[%clk 00:52:03]} {[%emt 00:07:36]} 22.
O-O {[%clk 00:46:48]} {[%emt 00:02:58]} Qb6 {[%clk 00:49:14]} {[%emt 00:03:20]}
23. Qc2 {[%clk 00:41:48]} {[%emt 00:05:29]} Qb5 {[%clk 00:39:14]} {[%emt
00:10:31]} 24. Rd2 {[%clk 00:36:59]} {[%emt 00:05:18]} Nc6 {[%clk 00:36:52]}
{[%emt 00:02:53]} 25. Bxe6 {[%clk 00:29:37]} {[%emt 00:07:52]} fxe6 {[%clk
00:35:54]} {[%emt 00:01:28]} 26. Rfd1 {[%clk 00:28:48]} {[%emt 00:01:18]} Kf7
{[%clk 00:34:33]} {[%emt 00:01:52]} 27. Ra1 {[%clk 00:17:14]} {[%emt 00:12:04]}
Qb6 {[%clk 00:33:48]} {[%emt 00:01:14]} 28. Qd1 {[%clk 00:17:09]} {[%emt
00:00:35]} Ne7 {[%clk 00:33:52]} {[%emt 00:00:27]} 29. Qg4 {[%clk 00:15:51]}
{[%emt 00:01:47]} Qc6 {[%clk 00:31:58]} {[%emt 00:02:25]} 30. Rad1 {[%clk
00:15:11]} {[%emt 00:01:09]} h6 {[%clk 00:31:10]} {[%emt 00:01:19]} 31. Nf1
{[%clk 00:11:13]} {[%emt 00:04:28]} Ng8 {[%clk 00:31:08]} {[%emt 00:00:32]} 32.
Qh5+ {[%clk 00:10:15]} {[%emt 00:01:27]} Kf8 {[%clk 00:31:21]} {[%emt
00:00:18]} 33. Ng3 {[%clk 00:08:55]} {[%emt 00:01:50]} Nf6 {[%clk 00:31:00]}
{[%emt 00:00:50]} 34. Qe2 {[%clk 00:08:53]} {[%emt 00:00:32]} Rc7 {[%clk
00:29:31]} {[%emt 00:02:00]} 35. Re1 {[%clk 00:08:08]} {[%emt 00:01:14]} Rf7
{[%clk 00:28:55]} {[%emt 00:01:07]} 36. Nh5 {[%clk 00:06:58]} {[%emt 00:01:39]}
Kg8 {[%clk 00:28:44]} {[%emt 00:00:42]} 37. Nxf6+ {[%clk 00:07:14]} {[%emt
00:00:14]} Rxf6 {[%clk 00:28:55]} {[%emt 00:00:20]} 38. Red1 {[%clk 00:07:25]}
{[%emt 00:00:17]} Rf4 {[%clk 00:27:45]} {[%emt 00:01:41]} 39. f3 {[%clk
00:07:21]} {[%emt 00:00:34]} Rf7 {[%clk 00:27:20]} {[%emt 00:00:55]} 40. Rd3
{[%clk 00:06:18]} {[%emt 00:01:32]} Rfd7 {[%clk 00:26:39]} {[%emt 00:01:11]} 41.
R1d2 {[%clk 00:05:57]} {[%emt 00:00:52]} Qc5+ {[%clk 00:25:16]} {[%emt
00:01:53]} 42. Qf2 {[%clk 00:05:56]} {[%emt 00:00:31]} Qc6 {[%clk 00:24:54]}
{[%emt 00:00:52]} 43. Qe3 {[%clk 00:05:58]} {[%emt 00:00:26]} d5 {[%clk
00:18:42]} {[%emt 00:06:44]} 44. exd5 {[%clk 00:05:21]} {[%emt 00:01:07]} Rxd5
{[%clk 00:19:03]} {[%emt 00:00:09]} 45. Rxd5 {[%clk 00:05:25]} {[%emt
00:00:26]} Rxd5 {[%clk 00:19:24]} {[%emt 00:00:09]} 46. Rxd5 {[%clk 00:05:17]}
{[%emt 00:00:38]} Qxd5 {[%clk 00:19:46]} {[%emt 00:00:08]} 47. a3 {[%clk
00:04:39]} {[%emt 00:01:08]} Qb5 {[%clk 00:19:23]} {[%emt 00:00:52]} 48. Qd2
{[%clk 00:04:14]} {[%emt 00:00:54]} Kf7 {[%clk 00:19:10]} {[%emt 00:00:45]} 49.
Kf2 {[%clk 00:04:20]} {[%emt 00:00:23]} Qb6+ {[%clk 00:18:49]} {[%emt
00:00:52]} 50. Kf1 {[%clk 00:04:32]} {[%emt 00:00:18]} Qc6 {[%clk 00:18:02]}
{[%emt 00:01:18]} 51. Qe2 {[%clk 00:04:48]} {[%emt 00:00:12]} Qd5 {[%clk
00:17:46]} {[%emt 00:00:47]} 52. g3 {[%clk 00:04:51]} {[%emt 00:00:26]} Ke7
{[%clk 00:17:36]} {[%emt 00:00:40]} 53. Qe3 {[%clk 00:02:58]} {[%emt 00:02:22]}
Qb5+ {[%clk 00:17:30]} {[%emt 00:00:38]} 54. Qe2 {[%clk 00:03:20]} {[%emt
00:00:08]} Qd5 {[%clk 00:17:55]} {[%emt 00:00:05]} 55. Qe3 {[%clk 00:03:45]}
{[%emt 00:00:05]} 1/2-1/2